Normal view
MARC view
- International Accounting
Entry Topical Term
001 - CONTROL NUMBER
- control field: 3242
003 - CONTROL NUMBER IDENTIFIER
- control field: JO-AjAnu
005 - DATE AND TIME OF LATEST TRANSACTION
- control field: 20230606070832.0
008 - FIXED-LENGTH DATA ELEMENTS
- fixed length control field: 230606|| aca||aabn | a|a d
040 ## - CATALOGING SOURCE
- Original cataloging agency: JO-AjAnu
- Transcribing agency: JO-AjAnu
150 ## - HEADING--TOPICAL TERM
- Topical term or geographic name entry element: International Accounting
670 ## - SOURCE DATA FOUND
- Source citation: Work cat.: (JO-AjAnu)1696: Epstein,Barry J/ Mirza,Abbas Ali, author 3241, I A S 2003 Interpretation and Application of International Accounting Standerds